| 000 | 00000nam##2200000za#4500 |
| 001 | 9.645128 |
| 003 | CaOODSP |
| 005 | 20200330132653 |
| 007 | ta |
| 008 | 150407|1992||||xxc||||| f|0| 0 eng|d |
| 020 | |a0-662-19834-4 |
| 040 | |aCaOODSP|beng |
| 043 | |an-cn--- |
| 086 | 1 |aH68-31/1992E |
| 110 | 1 |aCanada.|bHealth and Welfare Canada. |bNational Council of Welfare. |
| 245 | 10|aWelfare reform : |ba report by the National Council of Welfare |
| 260 | |aOttawa - Ontario : |bHealth and Welfare Canada. |c1992. |
| 300 | |a55p. : |bgraphs, references, tables ; |c28 cm. |
| 563 | |aSoftcover |
| 776 | 0#|tWelfare reform |w(CaOODSP)9.696556 |